Enchanted (Lyrics)- Taylor Swift - Statistics

General Stats
  • This quiz has been taken 106 times
    13 since last reset
  • The average score is 293 of 364
Answer Stats
Answer % Correct
enchanted
100%
I
100%
me
100%
meet
100%
my
100%
My
100%
to
100%
was
100%
you
100%
you"
100%
again
92%
love?
92%
love
92%
see
92%
the
92%
The
92%
who
92%
your
92%
Your
92%
All
83%
all
83%
and
83%
And
83%
be
83%
do
83%
don't
83%
Don't
83%
echo
83%
else
83%
first
83%
held
83%
if
83%
I'm
83%
in
83%
is
83%
name
83%
on
83%
Please
83%
somebody
83%
someone
83%
soon
83%
These
83%
This
83%
Until
83%
very
83%
waitin'
83%
we
83%
when
83%
will
83%
with
83%
words
83%
are
75%
back
75%
can
75%
dancing
75%
Dancing
75%
eyes
75%
faking
75%
Forcing
75%
forever
75%
go
75%
"Have
75%
have
75%
it
75%
knew
75%
know
75%
laughter
75%
leaving
75%
let
75%
met?"
75%
night
75%
page
75%
say
75%
smiles
75%
storyline
75%
There
75%
tonight
75%
too
75%
where
75%
whispered
75%
wonder
75%
Across
67%
alone
67%
As
67%
blushin'
67%
enchanting
67%
ends
67%
face
67%
home
67%
I'll
67%
lonely
67%
not
67%
now
67%
old
67%
place
67%
praying
67%
room
67%
Same
67%
sparklin'
67%
spend
67%
that
67%
thoughts
67%
tired
67%
way
67%
wonderin'
67%
Wonderin'
67%
wonderstruck
67%
would
67%
2am
58%
around
58%
at
58%
awake
58%
conversation
58%
Counter
58%
door
58%
flawless
58%
forth
58%
"Hey
58%
I'd
58%
insincerity
58%
its
58%
kept
58%
Like
58%
make
58%
pacing
58%
playful
58%
question
58%
quick
58%
remarks
58%
saw
58%
Shifting
58%
silhouette
58%
Starts
58%
starts
58%
'til
58%
up
58%
vacancy
58%
Vanished
58%
Walls
58%
were
58%
wide
58%
Wishing
58%
lingering
50%
notes
50%
open
50%
passing
50%
round
50%
secrecy
50%
blusin'
25%
No matching quizzes found
Score Distribution
Percent of People with Each Score
Percentile by Number Answered
Your Score History
You have not taken this quiz since the last reset